Statistics for Countries More Populous Than All Their Neighbors

Click here to take the quiz!

General Stats

  • This quiz has been taken 142 times
  • The average score is 7 of 8

Answer Stats

ContinentCountryRatioCountry's populationNeighbours% Correct
North AmericaUnited States2.01331,883,986Canada + Mexico
98%
AfricaNigeria2.96212,871,345Benin + Cameroon + Chad + Niger
95%
EuropeUnited Kingdom13.6966,465,641Ireland
94%
AsiaIndonesia6.28268,674,755Malaysia + East Timor + Papua New Guinea
90%
AfricaEgypt1.7499,275,661Libya + Israel + Sudan
86%
North AmericaHaiti1.1311,591,279Dominican Republic
86%
AfricaSouth Africa1.1057,725,606Botswana + Eswatini + Lesotho + Mozambique + Namibia + Zambia
84%
AsiaSouth Korea2.0251,826,059North Korea
78%

Score Distribution

Percentile by Number Answered

Percent of People with Each Score

Your Score History

You have not taken this quiz